ARRUPE JESUIT UNIVERSITY

CORONAVIRUS -STOP THE SPREAD - CLEAN,DISINFECT,COVER

Siuolaikine ugdymo filosofija (Record no. 118832)

MARC details
000 -LEADER
fixed length control field 00544nam a22001697a 4500
008 - FIXED-LENGTH DATA ELEMENTS--GENERAL INFORMATION
fixed length control field 131128b xxu||||| |||| 00| 0 eng d
020 ## - INTERNATIONAL STANDARD BOOK NUMBER
International Standard Book Number 9986135761
050 ## - LIBRARY OF CONGRESS CALL NUMBER
Classification number LA11.M165 1997
100 ## - MAIN ENTRY--PERSONAL NAME
Personal name McLaughlin, Terence H.
9 (RLIN) 4344
245 ## - TITLE STATEMENT
Title Siuolaikine ugdymo filosofija
Remainder of title demokratiskumas, vertybes, ivairove
260 ## - PUBLICATION, DISTRIBUTION, ETC. (IMPRINT)
Place of publication, distribution, etc Kaunas
Name of publisher, distributor, etc Kaunus Technologija
Date of publication, distribution, etc 1997
300 ## - PHYSICAL DESCRIPTION
Extent 279p.;
Dimensions 24cm
650 ## - SUBJECT ADDED ENTRY--TOPICAL TERM
Topical term or geographic name as entry element Education
9 (RLIN) 4345
General subdivision Philosophy
650 ## - SUBJECT ADDED ENTRY--TOPICAL TERM
Topical term or geographic name as entry element Education
General subdivision Democracy
9 (RLIN) 4429
700 ## - ADDED ENTRY--PERSONAL NAME
Personal name Juceviciene, Palmira (ed)
9 (RLIN) 4346
942 ## - ADDED ENTRY ELEMENTS (KOHA)
Source of classification or shelving scheme Library of Congress Classification
Item type Monograph ( Printed materials)
Holdings
Withdrawn status Lost status Source of classification or shelving scheme Damaged status Not for loan Home library Current library Date acquired Total Checkouts Full call number Barcode Date last seen Price effective from Koha item type
    Library of Congress Classification     ARRUPE LIBRARY ARRUPE LIBRARY 28/11/2013   LA11.M165 1997 464122734 28/06/2018 28/11/2013 Monograph ( Printed materials)

 

Arrupe Library. PO Box MP320 Mt Pleasant, Harare, Zimbabwe
263 242 745411|librarian@aju.ac.zw